Sports Quiz

Random Sports or NBA Quiz

NBA Players by Photo II Quiz Stats

 Plays Quiz not verified by Sporcle

Challenge
Share
Tweet
Score 0/100 Timer 18:00
0 Plays Today
% Correct
Jeremy Lin
91.9%
Jimmy Butler
88.7%
Kevin Garnett
88.2%
Kenneth Faried
87.6%
George Hill
87.1%
Kyle Korver
87.1%
Marcus Smart
86.6%
Tristan Thompson
84.4%
Draymond Green
84.4%
Avery Bradley
82.8%
Tyson Chandler
82.8%
Harrison Barnes
82.8%
Eric Gordon
82.3%
Timofey Mozgov
82.3%
Matt Barnes
82.3%
J.J. Redick
81.7%
Enes Kanter
81.7%
Iman Shumpert
81.7%
Steven Adams
81.2%
Anderson Varejão
80.6%
Patrick Beverley
80.6%
Nerlens Noel
80.6%
Aaron Gordon
79.6%
Patrick Mills
79%
Greg Monroe
79%
Amar'e Stoudemire
79%
Danny Green
78.5%
Joel Embiid
78%
Trevor Ariza
77.4%
Carlos Boozer
77.4%
Jason Terry
76.9%
Tyreke Evans
76.3%
Ömer Aşık
75.8%
Chris Andersen
75.3%
% Correct
Mike Dunleavy
74.2%
Julius Randle
74.2%
Mario Chalmers
73.7%
J.J. Barea
73.7%
Terrence Ross
73.1%
Kirk Hinrich
73.1%
Jameer Nelson
72.6%
Louis Williams
72.6%
Chris Kaman
72.6%
Marreese Speights
72.6%
Marco Belinelli
72%
Danilo Gallinari
72%
Marcus Morris
71.5%
Kendrick Perkins
71.5%
Corey Brewer
71%
Derrick Favors
70.4%
Raymond Felton
70.4%
Dante Exum
69.9%
Nikola Peković
69.9%
DeMarre Carroll
69.4%
Amir Johnson
68.3%
Tiago Splitter
67.7%
JaVale McGee
67.2%
Jermaine O'Neal
66.7%
Khris Middleton
66.7%
Wesley Matthews
65.6%
Jordan Hill
65.1%
Steve Blake
65.1%
Andre Miller
64%
Aaron Brooks
63.4%
Pablo Prigioni
62.4%
Courtney Lee
62.4%
Caron Butler
62.4%
Brandon Bass
61.3%
% Correct
Randy Foye
60.8%
Devin Harris
60.8%
O.J. Mayo
60.8%
Spencer Hawes
59.7%
Norris Cole
59.7%
Emeka Okafor
59.1%
Jerryd Bayless
58.6%
Ramon Sessions
58.6%
Michael Kidd-Gilchrist
58.6%
Miles Plumlee
58.1%
Gerald Henderson
55.9%
Terrence Jones
55.9%
Alec Burks
54.3%
Kosta Koufos
52.7%
Bismack Biyombo
52.7%
Jodie Meeks
51.1%
P.J. Tucker
51.1%
C.J. Miles
51.1%
Rodney Stuckey
47.8%
C.J. Watson
45.7%
Kyle O'Quinn
45.2%
John Salmons
44.6%
Beno Udrih
43.5%
J.J. Hickson
43%
Shelvin Mack
41.9%
Samuel Dalembert
39.2%
Al-Farouq Aminu
38.7%
Brian Roberts
36.6%
Kendall Marshall
36.6%
Maurice Harkless
33.3%
Marcus Thornton
28.5%
Kevin Séraphin
25.8%

You're not logged in!

Compare scores with friends on all Sporcle quizzes.
Join for Free
OR
Log In

You Might Also Like...

Show Comments

Extras

Created Jul 18, 2016ReportFavoriteNominate
Tags:NBA Quiz, here, player

Top Quizzes Today


Score Distribution

Your Account Isn't Verified!

In order to create a playlist on Sporcle, you need to verify the email address you used during registration. Go to your Sporcle Settings to finish the process.

Report this User

Report this user for behavior that violates our Community Guidelines.

Details: